LEADER 01461nam a2200337 i 4500 001 000000064587 003 CaOOAMICUS 005 20131210000000.0 008 131210s1988 it u000 u ita u 013 $a35759 020 $a88-16-40202-4 040 $aSeMil$bita 100 1 $aPetrus : Damiani,$c.$0(OLS)http://semarc/name/1200 245 10$aLettere ai Monaci di Montecassino /$cPier Damiani ; Introduzione, traduzione e note a cura di Aldo Granata. 260 $aMilano :$bJaca Book,$c1988 (copyr. 1987) 300 $a468 p. ;$c23 cm. 490 0 $aBiblioteca di cultura medievale 490 0 $aDi fronte e attraverso ;$v202 500 $aContiene : Appendici ; Indice dei passi biblici. 650 4$aFilosofia medievale - Sec. 11.$0(OLS)http://semarc/subject/12592 700 1 $aGranata, Aldo.$0(OLS)http://semarc/name/5640 830 0$aBiblioteca di cultura medievale .$0(OLS)http://semarc/title/530 830 0$aDi fronte e attraverso ;$v202.$0(OLS)http://semarc/title/6486 850 $aSeMil 852 $aSeMil$W1$xVenegono$y1$m2N II 366$j30740$B30740$CSeMilBibl$Z2$F30743 $81 900 1 $aPier : Damiani. 961 $aAcquisto: Casa editrice 996 $6020$a88-16-40202-4$9(OLS)http://semarc/number/41605 996 $6245$aLettere ai Monaci di Montecassino$9(OLS)http://semarc/title/102301 996 $6260$aMilano :$bJaca Book$9(OLS)http://semarc/publisher/29781 LEADER 01145nam a2200265 i 4500 001 000000068277 003 CaOOAMICUS 005 20030320000000.0 008 030320s1998 it u000 u ita u 013 $a39449 020 $a88-384-2847-6 040 $aSeMil$bita 100 1 $aNegri, Luigi,$c.$0(OLS)http://semarc/name/10368 245 10$aFalse accuse alla Chiesa :$bquando la verità smaschera i pregiudizi /$cLuigi Negri. 250 $a5. edizione. 260 $aCasale Monferrato (AL) :$bPiemme,$c1998. 300 $a247 p. ;$c22 cm. 500 $aContiene : Bibliografia essenziale. - Dono di mons. Antonio Rimoldi. 650 4$aChiesa - Storia - Studi.$0(OLS)http://semarc/subject/2119 850 $aSeMil 852 $aSeMil$W1$xVenegono$y1$m3A III 72$j34430$B34430$CSeMilBibl$Z2$F34433 $81 961 $aOmaggio: Rimoldi mons. Antonio 996 $6020$a88-384-2847-6$9(OLS)http://semarc/number/46427 996 $6245$aFalse accuse alla Chiesa :$bquando la verità smaschera i pregiudizi$9(OLS)http://semarc/title/108965 996 $6260$aCasale Monferrato (AL) :$bPiemme$9(OLS)http://semarc/publisher/30052